Inventory of estimated budgetary support and tax expenditures for fossil fuels

Guardado en:
Detalles Bibliográficos
Formato: Libro
Lenguaje:inglés
Publicado: Paris OECD 2011
Materias:
Etiquetas: Agregar Etiqueta
Sin Etiquetas, Sea el primero en etiquetar este registro!

MARC

LEADER 00000nam a2200000 4500
001 0168817
005 20221108071301.3
020 |a 978-92-64-12872-9 
041 0 |a eng 
044 |a FR 
245 1 0 |a Inventory of estimated budgetary support and tax expenditures for fossil fuels 
264 1 |a Paris  |b OECD  |c 2011 
300 |a 367 s. 
610 2 0 |a palivá pevné 
610 2 0 |a spotreba palív 
610 2 0 |a výdavky daňové 
610 2 0 |a zdroje energetické 
610 2 0 |a ceny 
610 2 0 |a produkcia 
610 2 0 |a porovnanie medzinárodné